Chaîne de mots - Football - Statistiques

Statistiques générales
  • Ce quiz a été pris 1 048 fois
    1 020 depuis la dernière actualisation
  • Le résultat moyen est 18 sur 25
Statistiques - réponses
Indice Réponse % Correct
Action de bloquer, avec le pied, l'action de l'adversaire, peut être "glissé" Tacle
96%
Principal responsable d’une équipe de football, qui gère et supervise la préparation tactique Entraineur
95%
Action qui consiste à éliminer un ou plusieurs défenseurs grâce à un ou plusieurs gestes techniques Dribble
94%
Animal qui désigne le plus souvent un attaquant de pointe, souvent expérimenté et réputé pour rester la plupart du temps dans la surface adverse Renard
88%
Au nombre minimum de trois, sans eux, il ne peut pas y avoir de match Arbitre
87%
Tradition festive des tribunes qui consiste à former un mouvement de vagues qui parcourt les tribunes Ola
86%
Là où se déroule le match Stade
86%
Abréviation donnée à la Coupe d’Europe des Nations Euro
85%
Club italien où à joué Maradona Naples
84%
Tactique de jeu caractérisée par des passes courtes et rapides, destinées à conserver le ballon la majeure partie du temps : Le Tiki-___ Taka
83%
Nombre de joueurs maximal pour une équipe sur le terrain Onze
81%
Manière utilisée par les supporters pour animer une tribune, par l’intermédiaire d’une bâche déployée sur la surface de la tribune Tifo
80%
Supporters les plus convaincus d’un club de football Ultras
78%
Geste technique, dont le nom est une référence à un outil de jardinage Râteau
76%
Sanction qu’inflige l’arbitre central à un joueur coupable d’une faute, en le pénalisant d’un carton jaune Avertissement
65%
Expression qualifiant un match qui finit à égalité Nul
65%
Le prénom du meilleur buteur de l'Equipe de France Olivier
65%
Descente dans une division inférieure Relégation
61%
Fabriquant des tenues de match et d’entraînement d’un club de football Equipementier
60%
Zone des cages située dans les coins supérieurs des buts Lucarne
60%
Après le second avertissement c'est l'_________ Expulsion
57%
Synonyme de « coup d’envoi » Engagement
48%
Jeu, régulièrement utilisé lors des séances d’entraînement, où le but est d'enchainer les passes en formant un cercle sans se faire récupérer le ballon par la ou les personnes au centre Toro
42%
Expression qui désigne le rôle d’un milieu de terrain défensif, placé en retrait des autres milieux et devant la défense Sentinelle
36%
Terme utilisé pour qualifier la trajectoire convexe ou concave d’une frappe de balle Effet
25%
Aucun quiz correspondant
Distribution des résultats
% des personnes avec chaque résultat
Percentile par nombre de réponses
Votre historique - résultats
Vous n’avez pas pris ce quiz depuis la dernière actualisation